| 000 | 00490nam a2200181Ia 4500 | ||
|---|---|---|---|
| 008 | 240925s9999 xx 000 0 und d | ||
| 020 | _a9781137520074 | ||
| 082 | _a361.765068 THO | ||
| 100 | _aThompson, Marcus | ||
| 245 | 0 | _aSocial Entrepreneurs: Can change the world? | |
| 250 | _aNA | ||
| 260 |
_aNew York: _bMacmillan Publishing _c,2017. |
||
| 300 |
_aix, 288p. _b0 _fOriginal |
||
| 500 | _aIncludes Index | ||
| 600 | _aSocial Sciences | ||
| 650 | _aSocial Sciences | ||
| 942 | _cBK | ||
| 999 |
_c14119 _d14119 |
||